Greatest Seasons in Detroit Tigers History - Statistics

General Stats
  • This quiz has been taken 56 times
  • The average score is 11 of 21
Answer Stats
Years Answer % Correct
2011, 2013 Miguel Cabrera
93%
1909, 1910, 1911, 1912, 1915, 1916, 1917 Ty Cobb
93%
1955, 1961, 1967 Al Kaline
91%
2011, 2012 Justin Verlander
91%
1935, 1937 Hank Greenberg
74%
1987 Alan Trammell
72%
1944, 1945, 1946 Hal Newhouser
72%
1934, 1935, 1936, 1937 Charlie Gehringer
70%
1961 Norm Cash
67%
1969 Denny McLain
63%
1971 Mickey Lolich
57%
1923 Harry Heilmann
52%
1976 Mark Fidrych
48%
1961 Rocky Colavito
37%
2007 Curtis Granderson
26%
1944, 1946 Dizzy Trout
22%
1997 Justin Thompson
22%
1973 John Hiller
17%
1939 Bobo Newsom
9%
1905, 1907 Ed Killian
9%
1903 Bill Donovan
7%
No matching quizzes found
Score Distribution
Percent of People with Each Score
Percentile by Number Answered
Your Score History
You have not taken this quiz